000 00579cam a2200193u 4500
999 _c127485
_d127485
001 10386327
003 ARRUPE
005 20180124112648.0
008 820514s1971 fr 000 0 fre
010 _a 72300032
040 _aDLC
_cCarP
_dDLC
050 0 0 _aBT968.2
_b.B763
100 _aBoulgakov, Pere Serge
_938837
245 1 2 _aL'échelle de Jacob.
_bdes anges
_cPere Serge Boulgakov
260 _aLausanne
_bL'age D'homme
_c1987
300 _a151 p.
_c23 cm.
440 _aSophia
_938838
650 0 _aAngels
_95770
650 0 _aOrthodox Eastern Church
_xDoctrines
_938839
906 _a0
_bcbc
_cpremunv
_du
_encip
_f19
_gy-gencatlg
942 _2lcc
_cMONOGRAPH